Canciones rusas
Guardat en:
| Autor principal: | |
|---|---|
| Format: | Llibre |
| Idioma: | espanyol |
| Publicat: |
Santiago
Ediciones Tácitas
2006
|
| Edició: | 2a. ed |
| Matèries: | |
| Etiquetes: |
Afegir etiqueta
Sense etiquetes, Sigues el primer a etiquetar aquest registre!
|
MARC
| LEADER | 00000cam a2200000 a 4500 | ||
|---|---|---|---|
| 001 | UCG8690 | ||
| 003 | CL-VaPUC | ||
| 008 | 111223e20060000CL |||||||||||||||||spa|d | ||
| 020 | |a 9568268154 | ||
| 082 | 0 | 4 | |a Ch861 |b PAR |2 21 |
| 100 | |a Parra, Nicanor |q (Parra Sandoval, Nicanor) |e autor |9 310550 | ||
| 245 | 1 | 0 | |a Canciones rusas |
| 250 | |a 2a. ed | ||
| 300 | |a 81 p | ||
| 942 | |c BK | ||
| 945 | |d 20111223 00:00:00 |a dcastane | ||
| 260 | |a Santiago |b Ediciones Tácitas |c 2006 | ||
| 650 | 0 | |a Poesías chilenas |9 265280 | |
| 650 | 0 | |a Antipoemas |9 559803 | |
| 650 | 0 | |a Literatura chilena |9 308278 | |
| 583 | |a last modification |c 20111227 12:03:31 |k Rodrigo Vera | ||
| 999 | |c 346290 |d 346288 | ||
| 952 | |0 0 |1 0 |4 0 |6 CH_861_000000000000000_PAR_2006 |7 0 |8 A |9 446936 |a BIBART |b BIBART |d 2019-11-22 |i 481777K |l 2 |o Ch861 PAR 2006 |p 481777K |r 2025-03-13 |s 2024-11-27 |w 2019-11-22 |y BK |k ART | ||